Black Sails Quotes - Statistics

General Stats
  • This quiz has been taken 36 times
  • The average score is 12 of 25
Answer Stats
Hint Answer % Correct
As I am ____, I hereby claim the same for Nassau. She is ____ today, and so long as I draw breath, she shall remain ____. – Charles Vane (2x08) free
87%
He took me in when I didn't have shit. Made a place for me. Taught me things. Without him, I wouldn't have fucking made it. When someone gives you a ____, it ain't truly your own. You owe some part of it back. – Anne Bonny (2x02) life
87%
Everyone is a monster to someone. Since you are so ____ that I am yours, I will be it. – James Flint (2x10) convinced
83%
If you're going to behave like ____, then I will be your daddy. – Jack Rackham (3x03) children
80%
When I say there’s a war coming, I don’t mean with the Scarborough. I don’t mean with King George or England. ____ is coming and it means to exterminate us. – James Flint (1x01) civilization
80%
They took everything from us! And then they call me a monster! The moment I sign that pardon, the moment I ask for one, I proclaim to the world that they were right. This ends when I grant them my ____. Not the other way around. – James Flint (1x07) forgiveness
80%
I am reasonable in seeking peace, but If you insist on making me your ____, I will play the part. – Woodes Rogers (3x07) villain
67%
Like we was two halves of the same thing. I can't be your wife, Jack. But you and I are gonna be ____ till they put us in the fucking ground. – Anne Bonny (2x10) partners
63%
On ____, nothing is fixed. Nothing is permanent. And fates change so quickly. – Max (1x08) sand
63%
For people like us, ____ in this place is most effective when it is least perceived. – Max (2x10) power
60%
My ____ love. Know no shame – Thomas Hamilton (2x05) truest
60%
To be ____ is an incredible gift. – Jack Rackham (3x10) underestimated
50%
This is how they survive. You must know this. You're too smart not to know this. They paint the world full of shadows... and then tell their children to stay close to the light. Their light. Their reasons, their judgements. Because in the darkness, there be dragons. But it isn't true. We can prove that it isn't true. In the dark, there is ____, there is possibility, there is freedom in the dark once someone has illuminated it. And who has been so close to doing it as we are right now? – James Flint (4x10) discovery
47%
Nobody will believe it's possible until we show them. But when that day comes, you know what they'll say? They'll say that it was ____. – James Flint (1x04) inevitable
47%
I want to see this whole goddamn city, this city that you purchased with our ____, burn. I want to see you hanged on the very gallows you've used to hang men for crimes far slighter than this. I want to see that noose around your neck and I want to pull the fucking lever with my own two hands. – Miranda Barlow (2x09) misery
47%
If no Anne, if no ____, if this is defeat for me, then know this. You and I were neck and neck in this race right till the end. But, Jesus, did I make up a lot of ground to catch you. – Jack Rackham (3x08) rescue
33%
So we dance the dance. Never was there a ____ who couldn't sing the tune. – James Flint (1x05) Caesar
30%
____ is such a hard thing to define. Which makes it such an easy label to affix to one's enemies. – James Flint (3x10) madness
30%
But I cannot believe that that is all there is. I cannot believe we are so poorly made as that. Incapable of surviving in the state to which we are born. Grown so used to the ____ that there can be no progress without it. – James Flint (4x08) yoke
27%
Reorienting to the daylight... and the world as it existed before he first closed his eyes... letting the memory of the ____ fade away. – John Silver (4x10) nightmare
23%
Civilization has a number of faces. To think them all _____ to alter Nassau’s future is a terrible mistake. – Woodes Rogers (4x05) powerless
23%
A story is true. A story is untrue. As time extends it matters less and less. The stories we want to be believe.. those are the ones that survive, despite upheaval and transition, and ____. Those are the stories that shape history. – Jack Rackham (4x10) progress
20%
Though I'm forced to wonder if this illusion is no accident at all, but ____ for my benefit, orchestrated by someone so awful, even monsters such as these have no choice but to dance to the tune he plays for them. Which leads me to the one thought I find most frightening and most difficult to dismiss. What happens if that man decides the ____ no longer serves his purposes and he lets the monsters loose? – Abigail Ashe (2x08) theatre
20%
What if the result of this war isn’t beyond the ____? What if it is the ____ itself? – John Silver (4x08) horror
17%
"Give us your ____ and we will give you all the comfort you need." I can think of no measure of comfort worth that price. – Charles Vane (3x08) submission
13%
No matching quizzes found
Score Distribution
Percent of People with Each Score
Percentile by Number Answered
Your Score History
You have not taken this quiz